000 02981cam a2200301 4500500
005 20251228053207.0
041 _afre
042 _adc
100 1 0 _aRoudier, Émilie
_eauthor
700 1 0 _aAvide, Élise
_eauthor
245 0 0 _aDe la doctrine à la conception : comment les gares du Grand Paris Express renouvellent (ou pas) la fabrique urbaine ?
260 _c2024.
500 _a78
520 _aCet article propose d’entrer dans la fabrique des gares du Grand Paris Express (GPE). À partir d’une analyse de la genèse, de la conception et de la communication sur ces gares, il s’intéresse à la stratégie mise en place par la Société du Grand Paris (SGP), qui en assure la maîtrise d’ouvrage, et à son mode d’action. Il rend compte de la formalisation d’une doctrine : plus que de simples objets techniques pour accéder au réseau, les gares constituent surtout des outils politiques et ce dès les débats publics de 2010. L’enquête montre que les gares, largement mises en valeur par la SGP, servent surtout à asseoir sa légitimité, à justifier les effets d’une nouvelle infrastructure sur les territoires, et par conséquent, à faciliter l’acceptabilité du projet et des chantiers au niveau local. Cette valorisation des gares s’inscrit dans la continuité d’un mouvement observé depuis plus de 20 ans et initié par les réaménagements des gares TGV, où les gares cristallisent les ambitions de développement des acteurs locaux et des opérateurs de transport.
520 _aThis article aims to delve into the creation process of the stations of the Grand Paris Express. Through an analysis of their genesis, design, and communication, it focuses on the strategy implemented by the Société du Grand Paris and its mode of operation. The article discusses the formalization of a doctrine: the stations are more than just technical objects providing access to the network; they are primarily political tools, as evident from the public debates as early as 2010. The investigation reveals that the stations, heavily emphasized by the SGP, are primarily used to establish its legitimacy, to justify the effects of a new infrastructure on the territories, and consequently, to facilitate the acceptance of the project and construction works at the local level. This valorisation of the stations aligns with a movement observed for over 20 years, initiated by the redevelopment of TGV stations, where the stations crystallize the development ambitions of local actors and transport operators.
690 _aaménagement
690 _aconception
690 _adoctrine
690 _agares
690 _aGrand Paris Express
690 _adesign
690 _adoctrine
690 _aGrand Paris Express
690 _aplanning
690 _astations
786 0 _nFlux | 137 | 3 | 2024-11-05 | p. 3-22 | 1154-2721
856 4 1 _uhttps://shs.cairn.info/revue-flux-2024-3-page-3?lang=fr&redirect-ssocas=7080
999 _c1585234
_d1585234